#1 Baby Names Since 1881 Quiz Stats

Quiz Updated Jan 30, 2017

Challenge
Share
Tweet
Embed
Score 0/270 Timer 04:00
9 Plays Today
Year Name % Correct
M - 1883John
89.2%
M - 1884John
89.2%
M - 1885John
89.2%
M - 1886John
89.2%
M - 1887John
89.2%
M - 1888John
89.2%
M - 1889John
89.2%
M - 1890John
89.2%
M - 1891John
89.2%
M - 1892John
89.2%
M - 1893John
89.2%
M - 1894John
89.2%
M - 1895John
89.2%
M - 1896John
89.2%
M - 1897John
89.2%
M - 1898John
89.2%
M - 1899John
89.2%
M - 1900John
89.2%
M - 1901John
89.2%
M - 1902John
89.2%
M - 1903John
89.2%
M - 1904John
89.2%
M - 1905John
89.2%
M - 1906John
89.2%
M - 1907John
89.2%
M - 1908John
89.2%
M - 1909John
89.2%
M - 1910John
89.2%
M - 1911John
89.2%
M - 1912John
89.2%
M - 1913John
89.2%
M - 1914John
89.2%
M - 1915John
89.2%
M - 1916John
89.2%
M - 1917John
89.2%
M - 1918John
89.2%
M - 1919John
89.2%
M - 1920John
89.2%
M - 1921John
89.2%
M - 1922John
89.2%
M - 1923John
89.2%
M - 1882John
89%
M - 1881John
88.3%
F - 1881Mary
82.5%
F - 1883Mary
82.2%
F - 1884Mary
82.2%
F - 1885Mary
82.2%
F - 1886Mary
82.2%
F - 1887Mary
82.2%
F - 1888Mary
82.2%
F - 1889Mary
82.2%
F - 1890Mary
82.2%
F - 1891Mary
82.2%
F - 1892Mary
82.2%
F - 1893Mary
82.2%
F - 1894Mary
82.2%
F - 1895Mary
82.2%
F - 1896Mary
82.2%
F - 1897Mary
82.2%
F - 1898Mary
82.2%
F - 1899Mary
82.2%
F - 1900Mary
82.2%
F - 1901Mary
82.2%
F - 1902Mary
82.2%
F - 1903Mary
82.2%
F - 1904Mary
82.2%
F - 1905Mary
82.2%
F - 1906Mary
82.2%
F - 1907Mary
82.2%
F - 1908Mary
82.2%
F - 1909Mary
82.2%
F - 1910Mary
82.2%
F - 1911Mary
82.2%
F - 1912Mary
82.2%
F - 1913Mary
82.2%
F - 1914Mary
82.2%
F - 1915Mary
82.2%
F - 1916Mary
82.2%
F - 1917Mary
82.2%
F - 1918Mary
82.2%
F - 1919Mary
82.2%
F - 1920Mary
82.2%
F - 1921Mary
82.2%
F - 1922Mary
82.2%
F - 1923Mary
82.2%
F - 1924Mary
82.2%
F - 1925Mary
82.2%
F - 1926Mary
82.2%
F - 1927Mary
82.2%
F - 1928Mary
82.2%
Year Name % Correct
F - 1929Mary
82.2%
F - 1930Mary
82.2%
F - 1931Mary
82.2%
F - 1932Mary
82.2%
F - 1933Mary
82.2%
F - 1934Mary
82.2%
F - 1935Mary
82.2%
F - 1936Mary
82.2%
F - 1937Mary
82.2%
F - 1938Mary
82.2%
F - 1939Mary
82.2%
F - 1940Mary
82.2%
F - 1941Mary
82.2%
F - 1942Mary
82.2%
F - 1943Mary
82.2%
F - 1944Mary
82.2%
F - 1945Mary
82.2%
F - 1946Mary
82.2%
F - 1953Mary
82.2%
F - 1954Mary
82.2%
F - 1955Mary
82.2%
F - 1956Mary
82.2%
F - 1957Mary
82.2%
F - 1958Mary
82.2%
F - 1959Mary
82.2%
F - 1960Mary
82.2%
F - 1961Mary
82.2%
F - 1882Mary
81.6%
M - 1954Michael
74.6%
M - 1955Michael
74.6%
M - 1956Michael
74.6%
M - 1957Michael
74.6%
M - 1958Michael
74.6%
M - 1959Michael
74.6%
M - 1961Michael
74.6%
M - 1962Michael
74.6%
M - 1963Michael
74.6%
M - 1964Michael
74.6%
M - 1965Michael
74.6%
M - 1966Michael
74.6%
M - 1967Michael
74.6%
M - 1968Michael
74.6%
M - 1969Michael
74.6%
M - 1970Michael
74.6%
M - 1971Michael
74.6%
M - 1972Michael
74.6%
M - 1973Michael
74.6%
M - 1974Michael
74.6%
M - 1975Michael
74.6%
M - 1976Michael
74.6%
M - 1977Michael
74.6%
M - 1978Michael
74.6%
M - 1979Michael
74.6%
M - 1980Michael
74.6%
M - 1981Michael
74.6%
M - 1982Michael
74.6%
M - 1983Michael
74.6%
M - 1984Michael
74.6%
M - 1985Michael
74.6%
M - 1986Michael
74.6%
M - 1987Michael
74.6%
M - 1988Michael
74.6%
M - 1989Michael
74.6%
M - 1990Michael
74.6%
M - 1991Michael
74.6%
M - 1992Michael
74.6%
M - 1993Michael
74.6%
M - 1994Michael
74.6%
M - 1995Michael
74.6%
M - 1996Michael
74.6%
M - 1997Michael
74.6%
M - 1998Michael
74.6%
M - 1940James
70.1%
M - 1941James
70%
M - 1942James
70%
M - 1943James
70%
M - 1944James
70%
M - 1945James
70%
M - 1946James
70%
M - 1947James
70%
M - 1948James
70%
M - 1949James
70%
M - 1950James
70%
M - 1951James
70%
M - 1952James
70%
F - 2013Sophia
58.6%
M - 2013Noah
57.6%
M - 1924Robert
55.3%
M - 1925Robert
55.3%
M - 1926Robert
55.3%
Year Name % Correct
M - 1927Robert
55.3%
M - 1928Robert
55.3%
M - 1929Robert
55.3%
M - 1930Robert
55.3%
M - 1931Robert
55.3%
M - 1932Robert
55.3%
M - 1933Robert
55.3%
M - 1934Robert
55.3%
M - 1935Robert
55.3%
M - 1936Robert
55.3%
M - 1937Robert
55.3%
M - 1938Robert
55.3%
M - 1939Robert
55.3%
M - 1953Robert
55.3%
F - 1970Jennifer
53.1%
F - 1971Jennifer
53.1%
F - 1972Jennifer
53.1%
F - 1973Jennifer
53.1%
F - 1974Jennifer
53.1%
F - 1975Jennifer
53.1%
F - 1976Jennifer
53.1%
F - 1977Jennifer
53.1%
F - 1978Jennifer
53.1%
F - 1979Jennifer
53.1%
F - 1980Jennifer
53.1%
F - 1981Jennifer
53.1%
F - 1982Jennifer
53.1%
F - 1983Jennifer
53.1%
F - 1984Jennifer
53.1%
F - 2014Emma
50.9%
F - 2014Emma
50.9%
M - 1960David
49.6%
F - 1996Emily
48.6%
F - 1997Emily
48.6%
F - 1998Emily
48.6%
F - 1999Emily
48.6%
F - 2000Emily
48.6%
F - 2001Emily
48.6%
F - 2002Emily
48.6%
F - 2003Emily
48.6%
F - 2004Emily
48.6%
F - 2005Emily
48.6%
F - 2006Emily
48.6%
F - 2007Emily
48.6%
M - 2011Jacob
48.4%
M - 1999Jacob
46.9%
M - 2000Jacob
46.9%
M - 2001Jacob
46.9%
M - 2002Jacob
46.9%
M - 2003Jacob
46.9%
M - 2004Jacob
46.9%
M - 2005Jacob
46.9%
M - 2006Jacob
46.9%
M - 2007Jacob
46.9%
M - 2008Jacob
46.9%
M - 2009Jacob
46.9%
M - 2010Jacob
46.9%
M - 2012Jacob
45.3%
F - 2008Emma
45.2%
F - 1985Jessica
44.4%
F - 1986Jessica
44.4%
F - 1987Jessica
44.4%
F - 1988Jessica
44.4%
F - 1989Jessica
44.4%
F - 1990Jessica
44.4%
F - 1993Jessica
44.4%
F - 1994Jessica
44.4%
F - 1995Jessica
44.4%
F - 2011Sophia
34.5%
F - 2012Sophia
30.8%
F - 1991Ashley
29.4%
F - 1992Ashley
29.4%
F - 1962Lisa
28.7%
F - 1963Lisa
28.7%
F - 1964Lisa
28.7%
F - 1965Lisa
28.7%
F - 1966Lisa
28.7%
F - 1967Lisa
28.7%
F - 1968Lisa
28.7%
F - 1969Lisa
28.7%
F - 1947Linda
28.4%
F - 1948Linda
28.4%
F - 1949Linda
28.4%
F - 1950Linda
28.4%
F - 1951Linda
28.4%
F - 1952Linda
28.4%
F - 2009Isabella
26.8%
F - 2010Isabella
26.8%
M - 2015Noah
26.3%
M - 2014Noah
26.3%

You're not logged in!

Compare scores with friends on all Sporcle quizzes.
Sign Up with Email
OR
Log In

You Might Also Like...

Show Comments

Extras

Top Quizzes Today


Score Distribution

Your Account Isn't Verified!

In order to create a playlist on Sporcle, you need to verify the email address you used during registration. Go to your Sporcle Settings to finish the process.